| 000 | 00000nas##2200000za#4500 |
| 001 | 9.514479 |
| 003 | CaOODSP |
| 005 | 20200813121820 |
| 007 | ta |
| 008 | 150406c1997||||xxc|| m #||||f| |0eng|d |
| 040 | |aCaOODSP|beng |
| 043 | |an-cn--- |
| 086 | 1 |aCS96-321E |
| 245 | 00|a1991 Census monograph series / |cCo-published by ITP Nelson. |
| 260 | |aOttawa - Ontario : |bStatistics Canada |
| 500 | |aCanadian cataloguing in publication data printed in these publications. |
| 563 | |aSoftcover |
| 710 | 2 |aStatistics Canada. |
| 775 | 08|tSérie des monographies du recensement / |w(CaOODSP)9.512892 |
| 776 | 0#|t1991 Census monograph series / |w(CaOODSP)9.507385 |